000 01156nam a2200337Ia 4500
005 20220317001405.0
008 161108s2013 sp a g 000 0 spa
020 _a9788484704713
100 1 _aJadoul, Émile
_d1963-
245 1 0 _aTengo pipí!
_cÉmile Jadoul ; traducción al español de Rafael Ros
250 _aPrimera edición
264 _aBarcelona
_bCorimbo
_c2013
300 _a26 páginas
_bilustraciones a color
_c19 cm.
336 _atexto
_btxt
_2rdacontent
337 _asin mediación
_bn
_2rdamedia
338 _avolumen
_bnc
_2rdacarrier
490 _aCorimax
521 _aRecomendado para niños de 4 en adelante
534 _tGros pipi
650 1 4 _2LEMB
_aÁlbumes infantiles belgas
_ySiglo XX
650 1 4 _2LEMB
_aLiteratura infantil belga
_ySiglo XX
650 1 4 _2LEMB
_aPingüinos
_vÁlbum infantil
650 1 4 _2LEMB
_aCuidado e higiene
_vÁlbum infantil
650 1 4 _2LEMB
_aFamilia
_vÁlbum infantil
650 1 4 _2LEMB
_aLibros ilustrados para niños
700 1 _aJadoul, Émile
_918111
700 1 _aRos, Rafael
_etraductor
_913216
942 _2loc
_cBKINF
040 _aCO-BoRNBP
_bspa
_erda
_cCO-BoRNBP
084 _aA JAD1
999 _c6827
_d6827